00896nam a22002297a 4500999001900000005001700019010001500036020002600051035001400077037001300091082001400104100002600118245015100144260004500295270006400340300002200404500005100426700001800477700001600495942002800511952012700539 c173048d17304820200218104905.0 aENG-127891 c995.00a9780199489886 aEN-111423 bDBAD/PUB a327.54001 aChatterjee, Shibashis a India's spatial imaginations of South Asia :cby Shibashis Chatterjee; edited by Sumit Ganguly [and] E.Sridharanbpower, commerce, and community/ aNew Delhic2019bOxford University Press a2/11 Ground Floor,Ansari Road,Dariyaganje110002bNew Delhi axxi;225p.b22(hb) aincludes bibliographical references and index  aGanguly,Sumit aE.Sridharan 2ddccENhCHAk327.54001 001040708NFICaLbLd2020-02-18eDBAD/PUBg995.00l3m2oCHApEN-111423r2023-11-06 00:00:00s2023-10-20t1v995.00yEN